Slovník ruskej literatúry 11.-20. storočia

Bibliographic Details
Main Author: Marušiak, Jozef, 1932-2018 (Author)
Format: Article
Language:Slovak
ISSN:0231-6269
Subjects:

MARC

LEADER 00000nab a2200000 a 4500
001 vtls009331190
003 SK-MaSNL
005 20260304154146.0
008 250507c2008 xo |r|p|||||||000 b|slo
015 |a SNBRB2008/09  |2 snkbucl 
035 |a (uuid)c10b6319-eaee-4012-ba8d-d33ac6fe6898 
035 |a urn:nbn:sk:snk-abc44e 
035 |a (urnnbn)urn:nbn:sk:snk:ar-004fdb 
038 |a SNKBUCL 
040 |a SNKBUCL  |b slo  |c SNKBUCL  |e AACR2 
041 0 |a slo 
044 |a xo  |c SK 
080 |a 82:929:821.161.1  |x (031)  |x (048)  |2 2001 
080 |a 821.161.1:929  |x (031)  |x (048)  |2 2001 
080 |a 82:03  |x (048)  |2 2001 
100 1 |a Marušiak, Jozef,  |d 1932-2018  |4 aut  |9 108614 
245 1 0 |a Slovník ruskej literatúry 11.-20. storočia  |c Jozef Marušiak 
650 0 7 |a ruská literatúra  |x osobnosti  |2 snkbucl  |9 1478526 
650 0 7 |a ruskí spisovatelia  |2 snkbucl  |9 3768 
650 0 7 |a slovníky  |2 snkbucl  |9 75778 
655 7 |a recenzie  |2 snkbucl  |9 21907 
773 0 |t Revue svetovej literatúry  |g Roč. XLIV, č. 2 (2008), s. 133-135  |x 0231-6269 
787 0 8 |i Rec.:  |a Kovačičová, Oľga, 1943-  |t Slovník ruskej literatúry 11.-20. storočia  |d Bratislava : Veda ; Ústav svetovej literatúry SAV ; Filozofická fakulta Univerzity Komenského, 2007  |z 9788022409674 
850 |a Slovenská národná knižnica 
852 |a Slovenská národná knižnica 
958 |a article15 
958 |a OND 
958 |a LX 
958 |a RU 
958 |a RC 
958 |a EUIPO 
999 |c 2956440  |d 2958370